Determinanty zlyhania krajín bakalárska práca

Gespeichert in:
Bibliographische Detailangaben
1. Verfasser: Mauritzová, Ulrika
Körperschaft: Národohospodárska fakulta EU. Katedra financií
Weitere Verfasser: Káčer, Marek, 1976-
Format: Buch
Sprache:Slowakisch
Veröffentlicht: Bratislava 2018
Tags: Tag hinzufügen
Keine Tags, Fügen Sie das erste Tag hinzu!

MARC

LEADER 00000nbm a2200000 4500
001 0245952
005 20181214084736.1
041 0 |a slo 
044 |a SK 
245 1 0 |a Determinanty zlyhania krajín  |b bakalárska práca  |c Ulrika Mauritzová ; školiteľ: Marek Káčer 
264 1 |a Bratislava  |c 2018 
300 |a 47 s. 
100 1 |a Mauritzová, Ulrika 
700 1 |a Káčer, Marek, 1976- 
710 2 |a Národohospodárska fakulta EU. Katedra financií